Minecraft mobs - Statystyki

Ogólne statystyki
  • Ten quiz został rozwiązany 75 razy
  • Średni wynik to 20 z 56
Statystyki odpowiedzi
Hint Odpowiedź % Poprawnych
Classic zombie
95%
Classic pig
88%
Classic skeleton
84%
Classic cow
77%
boss ender dragon
77%
Classic creeper
73%
Beta 1.8 enderman
71%
Classic chicken
70%
Classic sheep
70%
Classic spider
70%
1.4.2 wither
63%
1.16 piglin
61%
Beta 1.9 villager
54%
1.6.1 horse
45%
Beta 1.2 ghast
43%
1.4.2 witch
38%
1.15 bee
34%
1.2.1 ocelot
34%
1.19 warden
34%
1.12 parrot
32%
Classic slime
32%
1.17 axolotl
30%
Beta 1.8 cave spider
30%
1.14 panda
30%
1.9 shulker
30%
1.4.2 bat
29%
1.13 drowned
29%
1.2.1 iron golem
29%
1.20 sniffer
29%
1.16 hoglin
27%
1.13 salmon
27%
1.20 camel
23%
1.6.1 donkey
23%
1.8 guardian
23%
1.13 phantom
23%
1.10 polar bear
23%
1.13 cod
21%
1.19 frog
21%
1.6.1 mule
21%
1.13 pufferfish
21%
1.8 rabbit
21%
Beta 1.8 silverfish
21%
1.16 strider
21%
1.13 dolphin
20%
1.8 elder guardian
20%
1.17 goat
20%
1.19 allay
18%
1.16 zombified piglin
18%
1.11 evoker
16%
1.11 llama
16%
1.11 vindicator
16%
1.14 fox
14%
1.11 vex
14%
1.17 glow squid
13%
1.13 turtle
13%
1.19 tadpole
7%
Nie znaleziono quizów pasujących do podanych kryteriów
Rozkład punktacji
Procent ludzi z każdym wynikiem
Percentyl według liczby udzielonych odpowiedzi
Twoja historia wyników
Nie rozwiązałeś tego quizu